| 000 | 00504nam a2200181Ia 4500 | ||
|---|---|---|---|
| 001 | 12938 | ||
| 008 | 171214s1909 ii g b000 u 465 u | ||
| 082 | _a392.31 | ||
| 100 | _aHartland, Edwin Sidney . | ||
| 245 | 0 |
_aPrimitive Paternity Vol.I / _cEdwin Sidney Hartland. _hTextual Documents |
|
| 250 | _a1st ed. / | ||
| 260 |
_aLondon : _bDavid Nutt , _c1909. |
||
| 300 |
_a325p. ; _c22cm. |
||
| 653 | _aHistory-Family | ||
| 653 | _aFamily History | ||
| 653 | _aT/G-Political Science | ||
| 942 |
_2ddc _cBK |
||
| 999 |
_c12924 _d12924 |
||